000 00909cam a2200253 a 4500
001 e 09000095
003 DLC
005 20260227111150.0
008 990721s1891 fr 000 0 fre c
010 _ae 09000095
035 _a(OCoLC)03786862
040 _aLibrary, U. S. Bur. of Education
_cNIE
_dDLC
042 _apcc
043 _ae-fr---
050 0 0 _aLA692
_b.C65 1891
100 1 _aCompayré, Gabriel,
_d1843-1913.
245 1 0 _aÉtudes sur l'enseignement et sur l'éducation /
_cpar Gabriel Compayré.
260 _aParis :
_bHachette,
_c1891.
300 _avi, 332 p. ;
_c18 cm.
500 _a"La plupart des articles qui le composent ont paru dans les colonnes de la République Française."
505 0 _a1. pte. À l'étranger.--2. pte. Enseignement primaire.--3. pte. Enseignement secondaire.--4. pte. Enseignement supérieur.
650 0 _aEducation.
650 0 _aEducation
_zFrance.
999 _c18758
_d18758